| 000 | 01427cam a2200397 a 4500 | ||
|---|---|---|---|
| 001 | 2128933 | ||
| 005 | 20170105102915.0 | ||
| 008 | 970107s1996 enkab b 001 0 eng d | ||
| 010 | _a 97101609 | ||
| 020 | _a0700704183 | ||
| 020 | _a0700704418 (pbk.) | ||
| 035 | _a(UPB)notisDGU7595 | ||
| 035 | _a(LGTO)(CStRLIN)PASG1983888-B | ||
| 035 | _a(OCoLC)36076751 | ||
| 035 | _a(CStRLIN)UTBGDGU7595-B | ||
| 040 |
_aPSt _cPSt _dCStRLIN _dDLC |
||
| 042 | _alccopycat | ||
| 043 | _aa-mp--- | ||
| 050 | 0 | 4 |
_aDS798.75 _b.M654 1996 |
| 082 | 0 | 0 |
_a951.7 _221 |
| 245 | 0 | 0 |
_aMongolia in transition / _cedited by Ole Bruun and Ole Odgaard. |
| 260 |
_aRichmond, Surrey : _bCurzon, _c1996. |
||
| 300 |
_a272 p. : _bill., maps ; _c23 cm. |
||
| 490 | 1 |
_aStudies in Asian topics, _x0142-6208 ; _v22. |
|
| 500 | _aSubtitle on cover: Old patterns, new challenges. | ||
| 504 | _aIncludes bibliographical references (p. [255]-260) and index. | ||
| 651 | 0 |
_aMongolia _xHistory _x20th century. |
|
| 651 | 0 |
_aMongolia _xPolitics and government. |
|
| 700 | 1 |
_aBruun, Ole, _d1953- |
|
| 700 | 1 |
_aOdgaard, Ole, _d1958- |
|
| 830 | 0 |
_aStudies on Asian topics ; _vno. 22. |
|
| 856 | 4 | 2 |
_3Publisher description _uhttp://www.loc.gov/catdir/enhancements/fy0914/97101609-d.html |
| 906 |
_a7 _bcbc _ccopycat _d3 _encip _f19 _gy-gencatlg |
||
| 942 |
_2ddc _cBK |
||
| 999 |
_c15302 _d15302 |
||